[Event "Gibtelecom ChallWk2 5th"]
[Site "Gibraltar"]
[Date "2007.01.28"]
[Round "1.9"]
[White "Helin, Mikael"]
[Black "Kvisla, Johannes Luangtep"]
[Result "1/2-1/2"]
[WhiteElo "1951"]
[BlackElo "2134"]
[PlyCount "64"]
[EventDate "2007.01.28"]
[EventType "swiss"]
[EventRounds "5"]
[EventCountry "GGB"]
[SourceTitle "BritBase"]
[Source "www.saund.co.uk"]
[SourceDate "2018.02.10"]
[SourceVersion "1"]
[SourceVersionDate "2018.02.10"]
[SourceQuality "1"]

1. e4 Nf6 2. d3 e6 3. a3 a5 4. a4 d5 5. e5 Nfd7 6. Nf3 c5 7. c3 Nc6 8. d4 f6 9.
Bf4 cxd4 10. cxd4 Bb4+ 11. Nc3 O-O 12. Bd3 fxe5 13. Bxh7+ Kxh7 14. Ng5+ Kg8 15.
Nxe6 Qf6 16. Nxf8 Qxf8 17. Bxe5 Ndxe5 18. dxe5 d4 19. O-O dxc3 20. bxc3 Be7 21.
f4 Bf5 22. Kh1 Qf7 23. Qf3 Rd8 24. Rad1 Qc4 25. Rxd8+ Bxd8 26. Re1 Bh4 27. Qh5
g5 28. e6 Bxe6 29. Qg6+ Kf8 30. Qf6+ Bf7 31. Qh8+ Bg8 32. Qf6+ Bf7 1/2-1/2

[Event "Gibtelecom ChallWk2 5th"]
[Site "Gibraltar"]
[Date "2007.01.28"]
[Round "1.10"]
[White "Daoudi, Kamal"]
[Black "Sharp, Dale"]
[Result "1-0"]
[WhiteElo "2129"]
[BlackElo "2085"]
[PlyCount "83"]
[EventDate "2007.01.28"]
[EventType "swiss"]
[EventRounds "5"]
[EventCountry "GGB"]
[SourceTitle "BritBase"]
[Source "www.saund.co.uk"]
[SourceDate "2018.02.10"]
[SourceVersion "1"]
[SourceVersionDate "2018.02.10"]
[SourceQuality "1"]

1. e4 e5 2. Nf3 Nc6 3. Bb5 a6 4. Ba4 Be7 5. O-O b5 6. Bb3 Nf6 7. d4 d6 8. dxe5
Nxe5 9. Nxe5 dxe5 10. Qe2 c5 11. c4 Bb7 12. cxb5 Bxe4 13. Nc3 Bd3 14. Qxe5 Bxf1
15. Kxf1 Qd3+ 16. Kg1 O-O 17. Bf4 Rfe8 18. Rd1 Qxd1+ 19. Nxd1 Bd6 20. Qc3 Bxf4
21. g3 Bd6 22. b6 Rab8 23. Ne3 Bf8 24. Qc4 Re6 25. Qxa6 Rexb6 26. Qc4 R8b7 27.
Qh4 Rb4 28. Qg5 h6 29. Qf5 Rd4 30. Qc8 Rbd7 31. Nc4 Rd8 32. Qf5 R8d7 33. Ne5
Rb7 34. Qc8 Re7 35. Qxc5 Re4 36. Ng6 Re1+ 37. Kg2 Rg1+ 38. Kh3 Re8 39. Qc7 Kh7
40. Qxf7 Bd6 41. Nh4 Re5 42. Bc2+ 1-0

[Event "Gibtelecom ChallWk2 5th"]
[Site "Gibraltar"]
[Date "2007.01.28"]
[Round "1.11"]
[White "Jameson, David"]
[Black "Nyland, Thomas"]
[Result "1-0"]
[WhiteElo "1972"]
[BlackElo "2124"]
[PlyCount "31"]
[EventDate "2007.01.28"]
[EventType "swiss"]
[EventRounds "5"]
[EventCountry "GGB"]
[SourceTitle "BritBase"]
[Source "www.saund.co.uk"]
[SourceDate "2018.02.10"]
[SourceVersion "1"]
[SourceVersionDate "2018.02.10"]
[SourceQuality "1"]

1. e4 e5 2. Nf3 Nc6 3. Bb5 Nf6 4. O-O Nxe4 5. Re1 Nc5 6. d4 Na6 7. d5 Ncb8 8.
Nxe5 Be7 9. d6 cxd6 10. Nxf7 Kxf7 11. Bc4+ Kf8 12. Qf3+ Bf6 13. Qd5 Qe7 14.
Rxe7 Kxe7 15. Bf4 Bxb2 16. Bg5+ 1-0

[Event "Gibtelecom ChallWk2 5th"]
[Site "Gibraltar"]
[Date "2007.01.28"]
[Round "1.12"]
[White "Vinas Guerrero, Carlos A"]
[Black "Gravett, Alan D"]
[Result "1-0"]
[WhiteElo "2124"]
[BlackElo "1869"]
[PlyCount "83"]
[EventDate "2007.01.28"]
[EventType "swiss"]
[EventRounds "5"]
[EventCountry "GGB"]
[SourceTitle "BritBase"]
[Source "www.saund.co.uk"]
[SourceDate "2018.02.10"]
[SourceVersion "1"]
[SourceVersionDate "2018.02.10"]
[SourceQuality "1"]

1. e4 c5 2. Nc3 d6 3. f4 Nc6 4. Nf3 Nf6 5. Bc4 e6 6. d3 Be7 7. O-O O-O 8. a4 a6
9. Kh1 Rb8 10. e5 Ne8 11. Ba2 d5 12. d4 c4 13. Ne2 g6 14. Qe1 Ng7 15. g4 b5 16.
axb5 axb5 17. Bd2 f6 18. exf6 Bxf6 19. c3 Rb7 20. Bb1 Rbf7 21. Bc2 g5 22. fxg5
Bxd4 23. Qh4 h5 24. cxd4 Rxf3 25. Kg2 Rxf1 26. Rxf1 Rxf1 27. Kxf1 e5 28. gxh5
exd4 29. Nxd4 Nxd4 30. Qxd4 Nxh5 31. Bd1 Qf8+ 32. Kg1 Qf7 33. Bc3 Ng7 34. Bf3
Be6 35. h4 Kf8 36. Qc5+ Kg8 37. Qd4 Kf8 38. Be2 Kg8 39. h5 Kf8 40. g6 Qe7 41.
Qf6+ Qxf6 42. Bxf6 1-0

[Event "Gibtelecom ChallWk2 5th"]
[Site "Gibraltar"]
[Date "2007.01.28"]
[Round "1.13"]
[White "Schmidt, Raul"]
[Black "Fellousi, Abdelaziz"]
[Result "1/2-1/2"]
[WhiteElo "1979"]
[BlackElo "2118"]
[PlyCount "42"]
[EventDate "2007.01.28"]
[EventType "swiss"]
[EventRounds "5"]
[EventCountry "GGB"]
[SourceTitle "BritBase"]
[Source "www.saund.co.uk"]
[SourceDate "2018.02.10"]
[SourceVersion "1"]
[SourceVersionDate "2018.02.10"]
[SourceQuality "1"]

1. d4 Nf6 2. Nc3 d5 3. Bg5 Bf5 4. e3 e6 5. Bd3 Be7 6. Bxf5 exf5 7. Bxf6 Bxf6 8.
Qf3 c6 9. Qxf5 O-O 10. Nf3 Qb6 11. O-O-O Na6 12. e4 Nb4 13. a3 dxe4 14. Nxe4
Nd5 15. c4 Rac8 16. Nc3 Be7 17. Qc2 Qa5 18. Rd3 Rc7 19. Kd2 b5 20. Re1 b4 21.
axb4 Nxb4 {remaining moves illegible} 1/2-1/2

[Event "Gibtelecom ChallWk2 5th"]
[Site "Gibraltar"]
[Date "2007.01.28"]
[Round "1.14"]
[White "Urbina Perez, Juan Antonio"]
[Black "Sbia, Bachir"]
[Result "1-0"]
[WhiteElo "2114"]
[BlackElo "1914"]
[PlyCount "118"]
[EventDate "2007.01.28"]
[EventType "swiss"]
[EventRounds "5"]
[EventCountry "GGB"]
[SourceTitle "BritBase"]
[Source "www.saund.co.uk"]
[SourceDate "2018.02.10"]
[SourceVersion "1"]
[SourceVersionDate "2018.02.10"]
[SourceQuality "1"]

1. e4 c5 2. Nf3 e6 3. c3 d5 4. exd5 Qxd5 5. d4 Nf6 6. Bd3 Be7 7. O-O O-O 8. c4
Qd6 9. dxc5 Qxc5 10. Be3 Qh5 11. Be2 Ng4 12. Bf4 Qc5 13. h3 Nf6 14. Be3 Qc7 15.
Nc3 Bd7 16. Qc1 Na6 17. Nb5 Bxb5 18. cxb5 Qxc1 19. Raxc1 Nb4 20. Rc7 Nbd5 21.
Rxb7 Nxe3 22. fxe3 Bc5 23. Nd4 Nd5 24. Nc6 Bxe3+ 25. Kh1 Bb6 26. Bf3 Ne3 27.
Re1 Nf5 28. Rd1 h5 29. Rdd7 Ng3+ 30. Kh2 h4 31. Rd1 g6 32. a4 Kg7 33. a5 Be3
34. Nd4 Kh6 35. Ne2 Nxe2 36. Bxe2 Bf4+ 37. Kg1 Be3+ 38. Kf1 Rac8 39. Bd3 Kg5
40. Ke2 Bd4 41. Be4 e5 42. Bc6 f5 43. Rxd4 exd4 44. Rxa7 Rf6 45. Re7 Rcxc6 46.
bxc6 Rxc6 47. Kd3 Rc1 48. a6 Ra1 49. a7 Kf4 50. Kxd4 g5 51. b4 g4 52. hxg4 fxg4
53. b5 Kg3 54. b6 Kxg2 55. b7 Rxa7 56. Re2+ Kf1 57. b8=Q Rd7+ 58. Kc3 Kxe2 {
remaining moves illegible} 59. Qe5+ Kf3 1-0

[Event "Gibtelecom ChallWk2 5th"]
[Site "Gibraltar"]
[Date "2007.01.28"]
[Round "1.15"]
[White "Guardia Bencomo, Tomas"]
[Black "Agdestein, Emil"]
[Result "0-1"]
[WhiteElo "1900"]
[BlackElo "2116"]
[PlyCount "49"]
[EventDate "2007.01.28"]
[EventType "swiss"]
[EventRounds "5"]
[EventCountry "GGB"]
[SourceTitle "BritBase"]
[Source "www.saund.co.uk"]
[SourceDate "2018.02.10"]
[SourceVersion "1"]
[SourceVersionDate "2018.02.10"]
[SourceQuality "1"]

1. c4 e5 2. Nc3 Nc6 3. g3 f5 4. d3 Nf6 5. Bg2 Bc5 6. Nf3 d6 7. a3 a5 8. Nd5
Nxd5 9. cxd5 Ne7 10. e4 fxe4 11. dxe4 O-O 12. O-O Qe8 13. Nh4 Bd7 14. a4 Ng6
15. Nxg6 Qxg6 16. b3 Bg4 17. Qd3 Qh5 18. Ra2 b6 19. Be3 Bf3 20. Bxc5 bxc5 21.
Rc2 Rab8 22. Rb1 Rb4 23. Bxf3 Qxf3 24. Qxf3 Rxf3 25. Rc4 0-1

[Event "Gibtelecom ChallWk2 5th"]
[Site "Gibraltar"]
[Date "2007.01.28"]
[Round "1.16"]
[White "Straub, Peter"]
[Black "De La Rubia Ramirez, Dulce"]
[Result "1/2-1/2"]
[WhiteElo "2096"]
[BlackElo "1852"]
[PlyCount "52"]
[EventDate "2007.01.28"]
[EventType "swiss"]
[EventRounds "5"]
[EventCountry "GGB"]
[SourceTitle "BritBase"]
[Source "www.saund.co.uk"]
[SourceDate "2018.02.10"]
[SourceVersion "1"]
[SourceVersionDate "2018.02.10"]
[SourceQuality "1"]

1. e4 e6 2. d4 d5 3. Bd3 Nf6 4. e5 Nfd7 5. Ne2 c5 6. c3 Nc6 7. a3 Qb6 8. Bc2
cxd4 9. cxd4 f6 10. exf6 Nxf6 11. Nbc3 Bd6 12. O-O O-O 13. Bg5 Bd7 14. Qd3 g6
15. b4 Qd8 16. Nf4 Bxf4 17. Bxf4 Ng4 18. Bg3 Qf6 19. Rad1 Nh6 20. b5 Na5 21.
Qd2 Nf5 22. Bxf5 Qxf5 23. Nxd5 Qxd5 24. Qxa5 Bxb5 25. Rfe1 Bc6 26. Qxd5 Bxd5
1/2-1/2

[Event "Gibtelecom ChallWk2 5th"]
[Site "Gibraltar"]
[Date "2007.01.28"]
[Round "1.17"]
[White "Millward, Kevin"]
[Black "Beltran Medina, Jorge"]
[Result "1/2-1/2"]
[WhiteElo "1744"]
[BlackElo "2104"]
[PlyCount "107"]
[EventDate "2007.01.28"]
[EventType "swiss"]
[EventRounds "5"]
[EventCountry "GGB"]
[SourceTitle "BritBase"]
[Source "www.saund.co.uk"]
[SourceDate "2018.02.10"]
[SourceVersion "1"]
[SourceVersionDate "2018.02.10"]
[SourceQuality "1"]

1. e4 e6 2. d4 d5 3. exd5 exd5 4. Bd3 Bd6 5. Nf3 Bg4 6. O-O Nc6 7. Re1+ Nge7 8.
c3 Qd7 9. Nbd2 O-O 10. Qc2 Bf5 11. Nf1 Bxd3 12. Qxd3 Qf5 13. Qb5 a6 14. Qb3 Na5
15. Qd1 Nc4 16. b3 Nb6 17. Bg5 f6 18. Bh4 Qd7 19. Bg3 Nf5 20. Bxd6 Nxd6 21. Ng3
Rae8 22. Qd3 Rxe1+ 23. Rxe1 Re8 24. Re3 g6 25. Qe2 Kf7 26. Kf1 Qb5 27. Rxe8
Nxe8 28. Qxb5 axb5 29. Ne1 Nd7 30. Nd3 c6 31. Ke2 Nc7 32. Ke3 Ne6 33. Ne2 Ke7
34. g4 Kd6 35. h4 Ng7 36. Ng3 Ke6 37. Nf4+ Kd6 38. h5 g5 39. Nd3 h6 40. f3 Ke6
41. f4 Kd6 42. Nf5+ Nxf5+ 43. gxf5 Ke7 44. Nf2 Kf7 45. Ng4 Kg7 46. Kf3 gxf4 47.
Kxf4 Nb6 48. Ne3 Kf7 49. Ng4 Kg7 50. Nf2 Kf7 51. Kf3 Nc8 52. Ng4 Kg7 53. Kf4
Nd6 54. Ne3 1/2-1/2

[Event "Gibtelecom ChallWk2 5th"]
[Site "Gibraltar"]
[Date "2007.01.28"]
[Round "1.18"]
[White "Benaddi, Mouhcine"]
[Black "Morris-Hill, Ray"]
[Result "1-0"]
[WhiteElo "2084"]
[BlackElo "1892"]
[PlyCount "96"]
[EventDate "2007.01.28"]
[EventType "swiss"]
[EventRounds "5"]
[EventCountry "GGB"]
[SourceTitle "BritBase"]
[Source "www.saund.co.uk"]
[SourceDate "2018.02.10"]
[SourceVersion "1"]
[SourceVersionDate "2018.02.10"]
[SourceQuality "1"]

1. e4 c5 2. Nf3 Nc6 3. d4 cxd4 4. Nxd4 e5 5. Nb5 d6 6. a4 Be6 7. N1c3 a6 8. Na3
Rc8 9. Nd5 Nf6 10. Bg5 Be7 11. Bxf6 Bxf6 12. Nc4 Nd4 13. c3 Bxd5 14. exd5 Nf5
15. a5 O-O 16. Be2 Ne7 17. O-O Bg5 18. Qb3 Rc7 19. Rfd1 f5 20. Nxe5 Rf6 21. Nf3
Bh6 22. Nd4 Qe8 23. Ne6 Rd7 24. Bf3 g5 25. g3 g4 26. Bg2 Ng6 27. Qa4 Qf7 28.
Qc4 Qe8 29. Re1 Ne5 30. Qa4 Qf7 31. c4 f4 32. c5 fxg3 33. fxg3 Nf3+ 34. Bxf3
gxf3 35. Kf2 dxc5 36. Qg4+ Rg6 37. Qe4 Bg7 38. Nf4 Rg5 39. Qxf3 Bxb2 40. Ra2
Bd4+ 41. Kg2 Re5 42. Rae2 Rde7 43. Rxe5 Rxe5 44. Qg4+ Qg7 45. Qxg7+ Kxg7 46.
Rxe5 Bxe5 47. Nd3 Kf6 48. Nxc5 Bc3 1-0

[Event "Gibtelecom ChallWk2 5th"]
[Site "Gibraltar"]
[Date "2007.01.28"]
[Round "1.19"]
[White "Joseph, Adrian P"]
[Black "Compton, Alistair"]
[Result "0-1"]
[WhiteElo "1672"]
[BlackElo "2093"]
[PlyCount "49"]
[EventDate "2007.01.28"]
[EventType "swiss"]
[EventRounds "5"]
[EventCountry "GGB"]
[SourceTitle "BritBase"]
[Source "www.saund.co.uk"]
[SourceDate "2018.02.10"]
[SourceVersion "1"]
[SourceVersionDate "2018.02.10"]
[SourceQuality "1"]

1. e4 e6 2. d4 d5 3. exd5 exd5 4. c4 Bb4+ 5. Nc3 Ne7 6. a3 Bxc3+ 7. bxc3 Bf5 8.
Nf3 O-O 9. Be2 dxc4 10. Bxc4 Nd5 11. Qb3 Nb6 12. Be2 Re8 13. Ne5 Be6 14. Qc2
N8d7 15. Nxd7 Qxd7 16. O-O Nc4 17. Bd3 h6 18. Be3 Bd5 19. Qe2 Qc6 20. Rfe1 Bxg2
21. Qg4 Nxe3 22. fxe3 Be4 23. Bxe4 Rxe4 24. Qf3 Rae8 25. Rf1 0-1

[Event "Gibtelecom ChallWk2 5th"]
[Site "Gibraltar"]
[Date "2007.01.28"]
[Round "1.20"]
[White "De Kruif, Kees"]
[Black "Manetto, Luis"]
[Result "1-0"]
[WhiteElo "2075"]
[BlackElo "1568"]
[PlyCount "57"]
[EventDate "2007.01.28"]
[EventType "swiss"]
[EventRounds "5"]
[EventCountry "GGB"]
[SourceTitle "BritBase"]
[Source "www.saund.co.uk"]
[SourceDate "2018.02.10"]
[SourceVersion "1"]
[SourceVersionDate "2018.02.10"]
[SourceQuality "1"]

1. b4 e5 2. Bb2 d6 3. e3 Nf6 4. c4 a6 5. a3 Be7 6. Be2 O-O 7. d3 c5 8. bxc5
Qa5+ 9. Nd2 Qxc5 10. Ngf3 Nc6 11. O-O Bg4 12. h3 Bh5 13. Nh4 Bxe2 14. Qxe2 Rfe8
15. Nf5 Bf8 16. Ng3 g6 17. Qf3 Bg7 18. Nde4 Qb6 19. Nxf6+ Bxf6 20. Qxf6 Qxb2
21. Ne4 Re6 22. Qh4 f5 23. Rab1 Qxa3 24. Rxb7 h5 25. Nf6+ Kf8 26. Qg5 Ne7 27.
Nd5 Ng8 28. Nc7 Re7 29. Qxg6 1-0

[Event "Gibtelecom ChallWk2 5th"]
[Site "Gibraltar"]
[Date "2007.01.28"]
[Round "1.21"]
[White "Galliano, Alex"]
[Black "Hauptmann, Thomas"]
[Result "1/2-1/2"]
[WhiteElo "1300"]
[BlackElo "2046"]
[PlyCount "41"]
[EventDate "2007.01.28"]
[EventType "swiss"]
[EventRounds "5"]
[EventCountry "GGB"]
[SourceTitle "BritBase"]
[Source "www.saund.co.uk"]
[SourceDate "2018.02.10"]
[SourceVersion "1"]
[SourceVersionDate "2018.02.10"]
[SourceQuality "1"]

1. e4 d5 2. exd5 Qxd5 3. Nc3 Qa5 4. d4 c6 5. Nf3 Nf6 6. Bd2 Bf5 7. Be2 e6 8.
O-O Qc7 9. a3 Nbd7 10. b4 Be7 11. Be3 O-O 12. Nh4 Bg6 13. Nxg6 hxg6 14. Bd3 Nd5
15. Nxd5 cxd5 16. Qf3 Nb6 17. Qe2 Rac8 18. Bd2 Nc4 19. Bxc4 Qxc4 20. Qxc4 Rxc4
21. c3 1/2-1/2

[Event "Gibtelecom ChallWk2 5th"]
[Site "Gibraltar"]
[Date "2007.01.28"]
[Round "1.22"]
[White "Obers, Frits"]
[Black "Garcia, Mario"]
[Result "1/2-1/2"]
[WhiteElo "2071"]
[BlackElo "1424"]
[PlyCount "121"]
[EventDate "2007.01.28"]
[EventType "swiss"]
[EventRounds "5"]
[EventCountry "GGB"]
[SourceTitle "BritBase"]
[Source "www.saund.co.uk"]
[SourceDate "2018.02.10"]
[SourceVersion "1"]
[SourceVersionDate "2018.02.10"]
[SourceQuality "1"]

1. d4 Nf6 2. c4 g6 3. Nc3 Bg7 4. e4 d6 5. f4 O-O 6. Nf3 c5 7. d5 Bg4 8. Be2
Nbd7 9. O-O Nb6 10. Qd3 Qc7 11. h3 Bd7 12. Bd2 e6 13. Rae1 a6 14. Qc2 Rae8 15.
Bd3 exd5 16. exd5 Qc8 17. Ng5 Nh5 18. Kh2 f5 19. b3 Nf6 20. a3 Na8 21. Qb1 Nc7
22. a4 a5 23. Rxe8 Rxe8 24. Re1 b6 25. Rxe8+ Qxe8 26. Qe1 Qxe1 27. Bxe1 h6 28.
Nf3 Kf7 29. Kg1 Ke7 30. Kf1 Kf7 31. Ke2 Ke7 32. Ke3 Kf7 33. Nh4 Ng8 34. Ne2 Ne7
35. Nf3 Ne8 36. Nd2 Nf6 37. Kf3 Neg8 38. Nf1 Ne7 39. Ne3 Kf8 40. Bh4 Kf7 41. g4
Bh8 42. Ng3 fxg4+ 43. hxg4 Bg7 44. Ne4 Nxe4 45. Bxe4 Bf6 46. g5 hxg5 47. fxg5
Bd4 48. Bg3 Nc8 49. Ng4 Bxg4+ 50. Kxg4 Be3 51. Kh4 Bd4 52. Bf3 Be5 53. Be1 Ne7
54. Bg4 Kg7 55. Be6 Kf8 56. Kg4 Kg7 57. Bd2 Kf8 58. Be3 Kg7 59. Bd2 Kf8 60. Bf4
Bxf4 61. Kxf4 1/2-1/2

[Event "Gibtelecom ChallWk2 5th"]
[Site "Gibraltar"]
[Date "2007.01.28"]
[Round "1.23"]
[White "Stokes, Ivan"]
[Black "Feeney, James"]
[Result "1-0"]
[WhiteElo "2044"]
[BlackElo "1104"]
[PlyCount "91"]
[EventDate "2007.01.28"]
[EventType "swiss"]
[EventRounds "5"]
[EventCountry "GGB"]
[SourceTitle "BritBase"]
[Source "www.saund.co.uk"]
[SourceDate "2018.02.10"]
[SourceVersion "1"]
[SourceVersionDate "2018.02.10"]
[SourceQuality "1"]

1. e4 e5 2. Nf3 Nc6 3. Bb5 a6 4. Ba4 Nf6 5. O-O Nxe4 6. d4 b5 7. Bb3 d5 8. dxe5
Be6 9. c3 Bc5 10. Nbd2 O-O 11. Bc2 Nxd2 12. Bxd2 f6 13. exf6 Qxf6 14. Bg5 Qf7
15. Bh4 Bg4 16. Qd3 Bf5 17. Qxf5 Qxf5 18. Bxf5 Rxf5 19. Bg3 Bb6 20. Rad1 Ne7
21. Rfe1 Ng6 22. Nd4 Bxd4 23. Rxd4 c6 24. Re6 Rc8 25. Rd2 Nf4 26. Bxf4 Rxf4 27.
g3 Rff8 28. Rde2 a5 29. f4 Rfd8 30. Re7 Kf8 31. f5 Re8 32. Rxe8+ Rxe8 33. Kf2
Rxe2+ 34. Kxe2 Ke7 35. Ke3 Kd6 36. Kf4 c5 37. g4 b4 38. g5 d4 39. cxb4 axb4 40.
Ke4 d3 41. Kxd3 Ke5 42. f6 gxf6 43. gxf6 Kxf6 44. Kc4 Kf5 45. Kxc5 Kf4 46. Kxb4
1-0

[Event "Gibtelecom ChallWk2 5th"]
[Site "Gibraltar"]
[Date "2007.01.29"]
[Round "2.1"]
[White "Menon, Shanker"]
[Black "Benaddi, Mouhcine"]
[Result "1-0"]
[WhiteElo "2194"]
[BlackElo "2084"]
[PlyCount "55"]
[EventDate "2007.01.28"]
[EventType "swiss"]
[EventRounds "5"]
[EventCountry "GGB"]
[SourceTitle "BritBase"]
[Source "www.saund.co.uk"]
[SourceDate "2018.02.10"]
[SourceVersion "1"]
[SourceVersionDate "2018.02.10"]
[SourceQuality "1"]

1. Nf3 Nf6 2. d4 g6 3. c4 c5 4. Nc3 Bg7 5. d5 O-O 6. g3 d6 7. Bg2 e6 8. O-O
exd5 9. cxd5 Re8 10. Nd2 b6 11. b3 Ba6 12. Bb2 Nbd7 13. h3 b5 14. a4 b4 15. Nb5
Nb6 16. e4 Bb7 17. Re1 Nc8 18. Nc4 Nh5 19. e5 dxe5 20. d6 Bxg2 21. Kxg2 Rf8 22.
Nc7 Rb8 23. a5 Rb7 24. a6 Rxc7 25. dxc7 Qxc7 26. Bxe5 Qc6+ 27. Qf3 Qd7 28. g4
1-0

[Event "Gibtelecom ChallWk2 5th"]
[Site "Gibraltar"]
[Date "2007.01.29"]
[Round "2.2"]
[White "Compton, Alistair"]
[Black "Andreassen, Lars"]
[Result "1-0"]
[WhiteElo "2093"]
[BlackElo "2160"]
[PlyCount "99"]
[EventDate "2007.01.28"]
[EventType "swiss"]
[EventRounds "5"]
[EventCountry "GGB"]
[SourceTitle "BritBase"]
[Source "www.saund.co.uk"]
[SourceDate "2018.02.10"]
[SourceVersion "1"]
[SourceVersionDate "2018.02.10"]
[SourceQuality "1"]

1. e4 g6 2. Nc3 Bg7 3. f4 e6 4. Nf3 c5 5. d4 cxd4 6. Nxd4 a6 7. Be3 Ne7 8. Be2
b5 9. Bf3 Bb7 10. O-O d5 11. e5 Nbc6 12. Nce2 Rc8 13. Qe1 Qc7 14. c3 Na5 15. b3
Nac6 16. Rc1 Qa5 17. Qd2 h5 18. b4 Qc7 19. Nb3 Nf5 20. Ned4 Nce7 21. Be2 h4 22.
Bd3 h3 23. Bxf5 hxg2 24. Qxg2 gxf5 25. Rf3 Ra8 26. Nc5 Bc8 27. Kh1 Bf8 28. Rh3
Rg8 29. Rg3 Rh8 30. Rg1 Bd7 31. Rh3 Rxh3 32. Qxh3 Ng6 33. Qh7 Bxc5 34. bxc5
Qxc5 35. Nxf5 d4 36. Nd6+ Qxd6 37. exd6 Bc6+ 38. Rg2 dxe3 39. Kg1 Bxg2 40. Kxg2
Nxf4+ 41. Kf3 Ng6 42. Qg8+ Nf8 43. Qg5 Ra7 44. Qc5 Rd7 45. Qc8+ Rd8 46. Qxa6
Nd7 47. Qxb5 Rc8 48. Qg5 f6 49. Qg8+ Nf8 50. Qg7 1-0

[Event "Gibtelecom ChallWk2 5th"]
[Site "Gibraltar"]
[Date "2007.01.29"]
[Round "2.3"]
[White "Norman, Kenneth I"]
[Black "De Kruif, Kees"]
[Result "1-0"]
[WhiteElo "2151"]
[BlackElo "2075"]
[PlyCount "123"]
[EventDate "2007.01.28"]
[EventType "swiss"]
[EventRounds "5"]
[EventCountry "GGB"]
[SourceTitle "BritBase"]
[Source "www.saund.co.uk"]
[SourceDate "2018.02.10"]
[SourceVersion "1"]
[SourceVersionDate "2018.02.10"]
[SourceQuality "1"]

1. Nf3 Nf6 2. c4 c5 3. Nc3 Nc6 4. d4 cxd4 5. Nxd4 g6 6. e4 d6 7. Be2 Bg7 8. Be3
O-O 9. O-O a6 10. Qd2 Ng4 11. Bxg4 Bxg4 12. f4 Bd7 13. Rac1 Nxd4 14. Bxd4 Bxd4+
15. Qxd4 b5 16. cxb5 Bxb5 17. Rf2 Qd7 18. f5 Qa7 19. Qxa7 Rxa7 20. f6 Bc4 21.
b3 Be6 22. fxe7 Rxe7 23. Rd2 Rd8 24. Rcd1 Rc7 25. Nd5 Bxd5 26. Rxd5 Rc2 27.
R1d2 Rxd2 28. Rxd2 Kf8 29. Rd5 Ke7 30. Ra5 Ra8 31. g4 Kd7 32. Kf2 Kc6 33. Ke3
Kb6 34. b4 Rc8 35. h4 Rc1 36. h5 h6 37. Rd5 Kc6 38. Ra5 Kb6 39. g5 hxg5 40.
hxg6 fxg6 41. Rxg5 Rc2 42. Rxg6 Rxa2 43. Rxd6+ Kb5 44. Rd4 Kc6 45. e5 Kc7 46.
Ke4 a5 47. bxa5 Rxa5 48. Kf5 Ra1 49. e6 Rf1+ 50. Kg6 Rg1+ 51. Kf7 Rf1+ 52. Ke7
Rc1 53. Rd2 Rc3 54. Kf7 Rf3+ 55. Ke8 Rc3 56. e7 Rc1 57. Rf2 Rh1 58. Kf7 Rh7+
59. Ke6 Rh6+ 60. Rf6 Rh8 61. Rf8 Rh6+ 62. Kf5 1-0

[Event "Gibtelecom ChallWk2 5th"]
[Site "Gibraltar"]
[Date "2007.01.29"]
[Round "2.4"]
[White "Stokes, Ivan"]
[Black "Vea, Odin Blikra"]
[Result "0-1"]
[WhiteElo "2044"]
[BlackElo "2147"]
[PlyCount "94"]
[EventDate "2007.01.28"]
[EventType "swiss"]
[EventRounds "5"]
[EventCountry "GGB"]
[SourceTitle "BritBase"]
[Source "www.saund.co.uk"]
[SourceDate "2018.02.10"]
[SourceVersion "1"]
[SourceVersionDate "2018.02.10"]
[SourceQuality "1"]

1. e4 c5 2. Nf3 Nc6 3. d4 cxd4 4. Nxd4 Nf6 5. Nc3 e5 6. Ndb5 h6 7. Nd5 Nxd5 8.
exd5 a6 9. dxc6 axb5 10. cxd7+ Bxd7 11. Bd3 Bc5 12. O-O Bc6 13. Kh1 Qh4 14. Qe2
O-O 15. f3 Rfe8 16. Bxb5 e4 17. Bxc6 bxc6 18. f4 e3 19. g3 Qe7 20. Qf3 Qe6 21.
Re1 Rad8 22. b4 Bd4 23. c3 Ba7 24. c4 Qxc4 25. Bxe3 Qc3 26. Rac1 Qa3 27. Rxc6
Rxe3 28. Rxe3 Bxe3 29. Rc2 Qd3 30. Re2 Qb1+ 31. Kg2 Bd2 32. a3 Bc1 33. f5 Bg5
34. h4 Bf6 35. Qc6 Qxf5 36. Re8+ Kh7 37. Rxd8 Bxd8 38. Qe8 Bb6 39. Qe2 Qd5+ 40.
Qf3 Qxf3+ 41. Kxf3 Kg6 42. a4 Kf5 43. g4+ Ke5 44. a5 Bc7 45. Ke3 g6 46. Kf3 f5
47. h5 g5 0-1

[Event "Gibtelecom ChallWk2 5th"]
[Site "Gibraltar"]
[Date "2007.01.29"]
[Round "2.5"]
[White "Dimitrijevic, Dragan"]
[Black "Millward, Richard"]
[Result "1-0"]
[WhiteElo "2037"]
[BlackElo "2140"]
[PlyCount "117"]
[EventDate "2007.01.28"]
[EventType "swiss"]
[EventRounds "5"]
[EventCountry "GGB"]
[SourceTitle "BritBase"]
[Source "www.saund.co.uk"]
[SourceDate "2018.02.10"]
[SourceVersion "1"]
[SourceVersionDate "2018.02.10"]
[SourceQuality "1"]

1. Nf3 d5 2. c4 c6 3. d4 Nf6 4. Nc3 Bf5 5. Qb3 b6 6. cxd5 Nxd5 7. Bg5 f6 8. Bh4
Nxc3 9. bxc3 Qd5 10. Qa4 Bd7 11. c4 Qh5 12. Bg3 c5 13. Qb3 Nc6 14. d5 Na5 15.
Qc3 e5 16. e3 Bd6 17. Be2 Qf7 18. Nd2 O-O 19. Ne4 Nb7 20. O-O Bf5 21. Nd2 Rae8
22. e4 Bg6 23. Qa3 Bb8 24. Qa4 Nd6 25. Bd3 f5 26. f3 f4 27. Bh4 h6 28. Qa6 Bh5
29. Bc2 g5 30. Bf2 Qf6 31. a4 Re7 32. a5 Nc8 33. Rab1 Bd6 34. Ba4 Be8 35. Bxe8
Rfxe8 36. Nb3 Qg6 37. Kh1 g4 38. axb6 axb6 39. Nd2 Rg7 40. fxg4 h5 41. g5 Qxg5
42. Rg1 Rf8 43. Nf3 Qg6 44. Rbe1 Ra7 45. Qb5 Ra2 46. Bh4 Ne7 47. Bxe7 Bxe7 48.
Nxe5 Qd6 49. Nf3 Rfa8 50. e5 Qg6 51. d6 Bxd6 52. exd6 Qxd6 53. Re8+ Kf7 54.
Rxa8 Rxa8 55. Qb1 Rg8 56. Rd1 Qf6 57. Qh7+ Rg7 58. Qxh5+ Ke7 59. Qd5 1-0

[Event "Gibtelecom ChallWk2 5th"]
[Site "Gibraltar"]
[Date "2007.01.29"]
[Round "2.5"]
[White "Norman, Dinah"]
[Black "Daoudi, Kamal"]
[Result "0-1"]
[WhiteElo "2003"]
[BlackElo "2129"]
[PlyCount "92"]
[EventDate "2007.01.28"]
[EventType "swiss"]
[EventRounds "5"]
[EventCountry "GGB"]
[SourceTitle "BritBase"]
[Source "www.saund.co.uk"]
[SourceDate "2018.02.10"]
[SourceVersion "1"]
[SourceVersionDate "2018.02.10"]
[SourceQuality "1"]

1. d4 Nf6 2. Nf3 e6 3. Bg5 d5 4. e3 Nbd7 5. Bd3 c5 6. c3 cxd4 7. exd4 Bd6 8.
Nbd2 O-O 9. O-O Qc7 10. Bh4 Nh5 11. Bg3 Nf4 12. Bxf4 Bxf4 13. Re1 f5 14. Qe2
Kh8 15. Ne5 Nxe5 16. dxe5 Bd7 17. Nf3 a6 18. Nd4 Rac8 19. g3 Bg5 20. f4 Be7 21.
h4 b5 22. a3 Bc5 23. Kg2 Qb6 24. Nf3 Bc6 25. Kh2 a5 26. Ng5 Be8 27. Rf1 h6 28.
Nh3 Rf7 29. g4 fxg4 30. Qxg4 Rfc7 31. Bg6 Bxg6 32. Qxg6 d4 33. Rac1 dxc3 34.
Rxc3 b4 35. Rg3 bxa3 36. bxa3 Bxa3 37. Qh5 Rc2+ 38. Rg2 Qe3 39. Ng5 Rxg2+ 40.
Kxg2 Qd2+ 41. Rf2 Qd3 42. Nf7+ Kg8 43. f5 Qe4+ 44. Kh2 Bc1 45. fxe6 Bf4+ 46.
Rxf4 Rc2+ 0-1